Statistics for Pokemon Type Combos Used by Only One Pokemon

Click here to take the quiz!

General Stats

  • This quiz has been taken 23 times
  • The average score is 22 of 25

Answer Stats

Type #1Type #2Answer% Correct
GhostFairyMimikyu
100%
GroundElectricStunfisk
100%
PoisonFairyWeezing (Galarian Form)
100%
IceFireDarmanitan-Zen Mode (Galarian Form)
95%
IceGhostFroslass
95%
FireSteelHeatran
95%
DragonIceKyurem
95%
ElectricGhostRotom
95%
ElectricFireRotom-Heat
95%
ElectricGrassRotom-Mow
95%
NormalWaterBibarel
89%
FightingIceCrabominable
89%
NormalGroundDiggersby
89%
NormalDragonDrampa
89%
FightingGhostMarshadow
89%
ElectricDarkMorpeko
89%
RockPoisonNihilego
89%
GrassGroundTorterra
89%
FireWaterVolcanion
89%
WaterSteelEmpoleon
84%
IceFairyNinetales (Alolan Form)
84%
BugGhostShedinja
84%
ElectricPsychicRaichu (Alolan Form)
79%
RockFightingTerrakion
74%
RockDarkTyranitar
74%

Score Distribution

Percentile by Number Answered

Percent of People with Each Score

Your Score History

You have not taken this quiz